Statistics for Dogs of the World

Click here to take the quiz!

General Stats

  • This quiz has been taken 66 times
  • The average score is 15 of 43

Answer Stats

Scientific NameAnswer% Correct
Canis lupusGrey Wolf
98%
Canis dingoDingo
86%
Canis familiarisDog
86%
Vulpes vulpesRed Fox
82%
Lycaon pictusAfrican Wild Dog
72%
Vulpes lagopusArctic Fox
70%
Cuon alpinusDhole
68%
Canis latransCoyote
66%
Canis rufusRed Wolf
64%
Urocyon cinereoargenteusGrey Fox
52%
Chrysocyon brachyurusManed Wolf
50%
Vulpes zerdaFennec Fox
46%
Otocyon megalotisBat-eared Fox
36%
Speothos venaticusBush Dog
36%
Canis aureusGolden Jackal
36%
Canis mesomelasBlack-backed Jackal
34%
Canis simensisEthiopian Wolf
32%
Canis himalayensisHimalayan Wolf
32%
Nyctereutes procyonoidesRaccoon Dog
32%
Vulpes rueppelliiRüppells Fox
30%
Vulpes ferrilataTibetan Sand Fox
28%
Vulpes corsacCorsac Fox
26%
Vulpes bengalensisBengal Fox
24%
Urocyon littoralisIsland Fox
22%
Canis adustusSide-striped Jackal
22%
Canis pallipesIndian Wolf
20%
Vulpes canaBlanford's Fox
18%
Vulpes veloxSwift Fox
18%
Canis anthusAfrican Golden Wolf
16%
Vulpes chamaCape Fox
16%
Cerdocyon thousCrab-eating Fox
16%
Vulpes macrotisKit Fox
16%
Lycalopex fulvipesDarwin's Fox
14%
Canis lycaonEastern Wolf
14%
Lycalopex gymnocercusPampas Fox
14%
Lycalopex sechuraeSechuran Fox
14%
Atelocynus microtisShort-eared Zorro
14%
Lycalopex culpaeusCulpeo
12%
Lycalopex griseusSouth American Grey Fox
12%
Dusicyon australisWarrah
12%
Urocyon (sp. nov.)Cozumel Fox
8%
Vulpes pallidaPale Fox
8%
Lycalopex vetulusHoary Fox
6%

Score Distribution

Percentile by Number Answered

Percent of People with Each Score

Your Score History

You have not taken this quiz